000 00728nam a2200265Ia 4500
005 20260302115134.0
008 008 260114s9999 xx 000 0 eng d
020 _a9781611489019
037 _aTextbook
040 _aCRL
040 _beng
040 _cCRL
041 _2eng
041 _aeng
084 _qCRL
100 _aChris Mounsey
_91120675
245 0 _aDevelopments in the Histories of Sexualities In Search of the Normal, 1600–1800
260 _bBloomsbury
260 _bBucknell University Press
260 _c2013
650 _aLiterary Studies
856 _uhttps://doi.org/10.5040/9781611489019?locatt=label:secondary_bloomsburyCollections
942 _cEBOOK
999 _c1685096
_d1685096